| 000 | 00330nam a22001217a 4500 | ||
|---|---|---|---|
| 999 |
_c12260 _d12260 |
||
| 020 | _a978-178017-273-6 | ||
| 082 | _a658.401 | ||
| 100 | _aJames Cadle.Debra Paul | ||
| 245 | _aBusiness Analysis Techniques | ||
| 260 |
_aIndia _bVIVA BOOKS PRIVATE LIMITED _c2015 |
||
| 300 |
_a209 pages. _b8.9 x 6 x 0.6 inches |
||
| 942 | _cMANAGEMENT | ||